[Event "18th Bangkok Open 2018"]
[Site "Bangkok"]
[Date "2018.04.19"]
[Round "7"]
[White "Neelotpal, Das"]
[Black "Stokke, Kjetil"]
[Result "1-0"]
[WhiteElo "2468"]
[BlackElo "2335"]
[Annotator "TA"]
[PlyCount "59"]
[EventDate "2018.??.??"]
[EventType "swiss"]
[EventCountry "THA"]
[SourceTitle "playchess.com"]
[Source "ChessBase"]
[SourceQuality "1"]

{[%evp 13,59,44,60,46,51,60,64,64,66,67,68,73,87,65,73,36,45,47,42,45,34,56,75,68,87,68,102,99,89,105,91,92,94,89,175,182,182,180,341,326,528,511,1114,1202,1197,1173,1312,1288]} 1. Nf3 g6 2. d4 Bg7 3. e4 d6 4. Nc3 Nf6 5. Be2 O-O 6. O-O Bg4 7. Be3 Nfd7 {LiveBook: 6 Games} 8. a4 {B08: Pirc Defence: Classical System} a5 9. Qd2 $146 ({Predecessor:} 9. h3 Bxf3 10. Bxf3 e5 11. dxe5 Bxe5 12. Qd2 Na6 13. g3 Nac5 14. Bg2 Nb6 15. Bh6 {½-½ (25) Psakhis,L (2585)-Ivanchuk,V (2635) Moscow 1989}) 9... Nc6 10. Rad1 {White is slightly better.} e5 11. dxe5 Ndxe5 12. Nxe5 Nxe5 13. f3 {[%cal Bf2f3,Bf3f4][%mdl 32]} Be6 14. Bh6 Bxh6 15. Qxh6 {And now f4 would win.} f5 16. exf5 Bxf5 17. Qd2 Be6 18. f4 $36 {[%mdl 2048] White has the initiative.} Nd7 19. Ne4 Nc5 20. Nxc5 dxc5 21. Qe3 Qf6 22. Qxc5 Qxb2 23. Rb1 {[%cal Bd1b1,Bb1b7,Bb7c7][%mdl 32]} Rf5 (23... Qa2 $16 {is a better defense.}) 24. Qe3 $18 ({Stronger than} 24. Rxb2 Rxc5 25. Rxb7 Rxc2 $11) ({Don't do} 24. Qxc7 Qd4+ 25. Kh1 Rf7 $16) 24... Qa2 25. Rxb7 Bd5 $2 (25... Rf7 26. Qe5 Bd5) 26. Rxc7 Qxa4 $2 (26... Qb2 27. Bd3 Rf7) 27. c4 {White is clearly winning.} Qc2 (27... Bf7 $142 28. Bg4 Qe8) 28. Qd4 {[%csl Gc7][%cal Rd4g7] [#]} Bf7 29. Bd3 Qd2 30. g4 {Precision: White = 86%, Black = 43%.} 1-0

[Event "18th Bangkok Open 2018"]
[Site "Bangkok"]
[Date "2018.04.19"]
[Round "7"]
[White "Nguyen, Anh Khoi"]
[Black "Gomes, Mary Ann"]
[Result "1-0"]
[WhiteElo "2444"]
[BlackElo "2295"]
[Annotator "TA"]
[PlyCount "71"]
[EventDate "2018.??.??"]
[EventType "swiss"]
[EventCountry "THA"]
[SourceTitle "playchess.com"]
[Source "ChessBase"]
[SourceQuality "1"]

{[%evp 9,71,40,55,44,45,50,77,43,28,43,85,46,62,54,62,54,58,70,74,4,31,16,18,7,17,21,21,27,27,33,59,42,37,8,20,18,28,23,27,16,21,8,127,129,145,114,112,102,94,98,104,129,175,183,162,169,300,326,284,208,6196,6187,6123,5281]} 1. d4 g6 2. c4 Bg7 3. e4 c5 4. d5 d6 5. Ne2 {[%cal Bg1e2,Be2g3,Bg3f1,Bf1e3][%mdl 32]} (5. Nc3 Nf6 6. Nf3 O-O 7. h3 e6 8. Bd3 exd5 9. cxd5 b5 10. Nxb5 Re8 11. Nd2 Nxd5 12. Nc4 Nb4 13. Nbxd6 Ba6 14. Be2 Re6 15. Bf4 Nd7 16. a3 Nc6 17. O-O Nd4 18. Bd3 Nb6 19. e5 f6 {½-½ (56) Wang,H (2709)-Ponkratov,P (2613) Riadh 2017}) 5... Na6 6. Nbc3 {A43: Schmid Benoni} Nc7 7. Ng3 h5 $146 ({Predecessor:} 7... a6 8. a4 Rb8 9. Be2 h5 10. h4 Bd7 11. a5 b5 12. axb6 Rxb6 13. Ra2 Nf6 {1-0 (47) Arregui,J-Schweber,S (2375) Buenos Aires 1991}) 8. Bd3 {White is better.} h4 9. Nf1 Nf6 10. Ne3 e5 11. a3 a5 12. Bd2 Bd7 13. Na4 Ra6 14. b4 (14. Nc3 $16) 14... axb4 15. axb4 cxb4 {[#] aiming for ...Qa8.} 16. O-O O-O 17. Bxb4 {With the idea c5.} Bxa4 18. Rxa4 Qd7 19. Ra3 Rfa8 20. Qb3 Bf8 21. c5 dxc5 22. Rxa6 Nxa6 23. Bc3 c4 24. Nxc4 {Black must now prevent Nb6.} Nc5 25. Qb1 $36 {[%mdl 2048] Nb6 is the strong threat. Black is under pressure.} Nxd3 (25... h3 $11) 26. Qxd3 $16 {Strongly threatening Nb6.} Qg4 27. Re1 (27. Nxe5 $6 Qxe4 28. Qh3 Nxd5 $15) 27... h3 {[%csl Gh3][%cal Rg4g2]} 28. g3 Nd7 29. Nxe5 Nxe5 30. Bxe5 Bb4 31. Ra1 Rxa1+ 32. Bxa1 Bd2 (32... Be7 {is a better defense.} 33. d6 Bd8) 33. f3 $18 ({Less strong is} 33. Qxd2 Qxe4 34. f4 Qb1+ 35. Kf2 Qxa1 $16) 33... Qg5 34. Kf1 Bf4 $2 (34... Qe3 35. Qe2 Bc1 36. Qxe3 Bxe3) 35. Qc3 {[%csl Ga1][%cal Rc3h8]} Be5 {[#]} 36. Qc8+ $1 {Precision: White = 63%, Black = 53%.} ({Worse is} 36. Qxe5 Qc1+ 37. Ke2 Qc2+ 38. Ke3 Qc1+ 39. Ke2 (39. Kd3 Qd1+ 40. Kc4 Qa4+ 41. Kd3 Qd1+ 42. Kc4 Qa4+ 43. Kc5 Qa5+ 44. Kc4 Qa4+ $11) 39... Qc2+ 40. Ke1 (40. Ke3 Qc1+ 41. Kd3 Qd1+ 42. Kc4 Qa4+ 43. Kd3 Qd1+ 44. Ke3 Qc1+ $11) 40... Qc1+ 41. Ke2 $11) 1-0

[Event "18th Bangkok Open 2018"]
[Site "Bangkok"]
[Date "2018.04.19"]
[Round "7"]
[White "Pascua, Haridas"]
[Black "Salvador, Louie"]
[Result "1-0"]
[WhiteElo "2443"]
[BlackElo "2176"]
[Annotator "TA"]
[PlyCount "75"]
[EventDate "2018.??.??"]
[EventType "swiss"]
[EventCountry "THA"]
[SourceTitle "playchess.com"]
[Source "ChessBase"]
[SourceQuality "1"]

{[%evp 19,75,40,31,21,47,45,39,0,9,0,70,0,30,32,25,25,23,-53,-9,-39,-12,-38,127,113,127,117,122,112,96,122,95,67,141,130,128,131,140,126,153,154,148,137,137,148,178,195,272,201,201,182,308,308,327,306,358,324,1133,795]} 1. Nf3 Nf6 2. g3 d5 3. Bg2 e6 4. O-O Be7 5. d3 {[%cal Bd2d3,Bd3e4,Be4e5][%mdl 32]} O-O 6. Nbd2 c5 7. e4 dxe4 8. dxe4 Nc6 9. e5 Nd7 10. Re1 Qc7 {[%cal Rd7e5] LiveBook: 5 Games} 11. Nc4 {C00: French: Unusual White 2nd moves} (11. Qe2 Rd8 12. c3 b6 13. h4 Bb7 14. h5 a5 15. h6 g6 16. a4 c4 17. Nxc4 Ba6 18. Bf1 Nc5 {1-0 (39) Novik,M (2466)-Nyback,T (2635) Finland 2011}) 11... Rd8 12. Qe2 Nb6 13. Nxb6 {White is slightly better.} axb6 $146 ({Predecessor:} 13... Qxb6 14. c3 h6 15. Qe4 Bd7 16. Bf1 Bf8 17. Bd3 g6 18. Qh4 Be8 {½-½ (88) Stratulat,S-Shkuta,I (2127) Kiev 2000}) 14. c3 Bd7 (14... h6 $11) 15. h4 (15. Qe4 $1 $14) 15... Na5 16. Bf4 Bc6 17. h5 b5 18. Qc2 ({White should try} 18. Nd2 $11) 18... Rd7 19. b3 Bd5 20. Rad1 Qc6 $2 (20... h6 $15) 21. Rxd5 $1 $16 Rxd5 {[#]} (21... exd5 $2 {too greedy.} 22. e6 $1 $18 {[%mdl 512]}) 22. c4 $1 {[%cal Rc4d5]} bxc4 23. bxc4 Nxc4 24. Qxc4 $40 {[%mdl 128] White attacks with force.} Qa4 25. Qb3 Qxa2 ({Better is} 25... Rd7 $14) 26. Qxb7 Ra7 27. Qb5 Qa4 28. Qb1 {And now Ng5 would win.} Qb4 29. Nd2 Rd8 30. Ne4 Rb8 31. Qc1 c4 32. h6 {Hoping for hxg7.} g6 (32... c3 $142) 33. Bf1 Rc7 34. Bd2 Qb3 (34... Qa3 {might work better.} 35. Nd6 (35. Bxc4 $2 Qxc1 36. Rxc1 Rbc8 $19) 35... Qxc1 36. Rxc1 c3 37. Rxc3 (37. Bxc3 Bg5 $16) 37... Rxc3 38. Bxc3 Bg5) 35. Ba5 $18 Rc6 36. Bc3 Rc7 37. Qf4 Rd8 $2 (37... Bf8 38. Rc1 Qb7) 38. Ba5 {Precision: White = 53%, Black = 27%.} 1-0

[Event "18th Bangkok Open 2018"]
[Site "Bangkok"]
[Date "2018.04.19"]
[Round "7"]
[White "Zhu, Yi"]
[Black "Deepan Chakkravarthy J."]
[Result "0-1"]
[WhiteElo "2408"]
[BlackElo "2499"]
[Annotator "TA"]
[PlyCount "102"]
[EventDate "2018.??.??"]
[EventType "swiss"]
[EventCountry "THA"]
[SourceTitle "playchess.com"]
[Source "ChessBase"]
[SourceQuality "1"]

{[%evp 20,102,9,0,0,-10,-13,-22,-14,-25,0,-54,-35,-85,-58,-101,-86,-95,-83,-108,-89,-95,-95,-81,-103,-90,-66,-40,-27,-22,0,0,15,-47,-46,-55,0,0,-5,-79,-54,-159,-147,-147,-145,-146,-73,-68,-71,-54,-56,-56,-54,-103,-29,-28,-9,-11,0,0,0,0,0,-56,-46,-86,-81,-72,-70,-184,-197,-194,-185,-212,-211,-446,-220,-204,-210,-5124,-5110,-1707,-1975,-1654,-1590]} 1. d4 Nf6 2. c4 c5 3. d5 e6 4. Nc3 exd5 5. cxd5 g6 6. g3 Bg7 7. Bg2 d6 8. Nf3 O-O 9. O-O Re8 10. Re1 Nbd7 {A62: Modern Benoni: Fianchetto Variation without early ...Nbd7} 11. Bf4 {LiveBook: 3 Games} Ng4 12. Qc1 $146 ({Predecessor:} 12. Rc1 Nde5 13. Ne4 Bf5 14. Nfd2 h6 15. h3 Nf6 16. Nc3 Rb8 17. g4 Bc8 18. Bg3 {1-0 (43) Ju,W (2583)-Shankland,S (2674) Caleta 2017}) 12... Nde5 {The position is equal.} 13. Nxe5 Nxe5 14. h3 f5 15. Qc2 (15. b4 $11) 15... Rb8 16. Rad1 b5 {[%cal Bb7b5,Bb5b4][%mdl 32]} 17. Bc1 b4 18. Nb1 c4 19. Nd2 Ba6 20. Nf3 b3 21. axb3 cxb3 22. Qb1 Nxf3+ 23. Bxf3 Qa5 {Hoping for ...Rbc8.} 24. Bf4 Rb6 25. Qc1 $1 Qb4 26. Be3 (26. h4 $11) 26... Rbb8 $15 27. Qa1 Bc4 (27... Rxe3 $5 28. fxe3 Bb7 $11) 28. Bd2 $1 {[%cal Rd2b4]} Qb5 {[%cal Rc4e2]} 29. Be3 (29. Rc1 $11) 29... a5 (29... Rxe3 $5 30. fxe3 Qb6 $15) 30. Qa3 (30. Bd4 $1 $15) 30... Qb4 31. Qxb4 Rxb4 32. Bd4 Rc8 (32... Bb5 $142 33. Bxg7 Kxg7) 33. Bxg7 $17 Kxg7 34. e4 fxe4 35. Rxe4 Rb7 36. Re6 Rf8 (36... a4 $1 $17 {[%cal Ra4a3] White must now prevent ...a3!} 37. Ra1 (37. Rxd6 a3 $17) 37... Bd3) 37. Be4 $11 Rf6 38. Re8 a4 39. Ra8 Bb5 40. Rc1 Rf8 41. Rxf8 ({White should play} 41. Ra5 $1 $11) 41... Kxf8 {[%mdl 4096] Endgame KRB-KRB} 42. f3 {[#]} a3 $1 {[%cal Ra3a2][%mdl 512]} 43. bxa3 b2 $1 {[%cal Rb2c1]} 44. Rd1 (44. Re1 $1 $15) 44... Be2 $1 $19 {[%cal Re2d1]} 45. Rb1 Bc4 46. Re1 {[#]} Bxd5 $1 {[%mdl 512]} 47. Bb1 $2 (47. Bxd5 b1=Q 48. Rxb1 Rxb1+ 49. Kf2) 47... Bxf3 (47... Rc7 $142 48. Kf2 Rc3) 48. Kf2 Rf7 49. Ke3 $2 {[#]} (49. Rg1) 49... Re7+ $1 {Black is clearly winning.} 50. Kd2 Rxe1 51. Kxe1 {[#]} d5 $1 {Precision: White = 31%, Black = 53%.} 0-1

[Event "18th Bangkok Open 2018"]
[Site "Bangkok"]
[Date "2018.04.19"]
[Round "7"]
[White "Tran, Minh Thang"]
[Black "Short, Nigel D"]
[Result "0-1"]
[WhiteElo "2406"]
[BlackElo "2662"]
[Annotator "TA"]
[PlyCount "67"]
[EventDate "2018.??.??"]
[EventType "swiss"]
[EventCountry "THA"]
[SourceTitle "playchess.com"]
[Source "ChessBase"]
[SourceQuality "1"]

{[%evp 16,67,-17,-22,9,-7,0,-11,10,11,29,-39,-47,-32,-22,-33,-33,-48,-35,-37,-15,-17,-16,-16,15,21,0,9,15,-28,-26,-29,0,-42,0,-5,0,-18,0,-23,-29,-60,-49,-109,-87,-88,-89,-168,-155,-196,-201,-219,-215,-201]} 1. d4 Nf6 2. Bf4 b6 3. e3 Bb7 4. Nf3 d6 5. Nbd2 g6 6. h3 Bg7 7. Bd3 O-O 8. O-O Nbd7 {A48: 1 d4 Nf6 2 Nf3 g6: Torre, London and Colle Systems} (8... c5 9. Bh2 Nbd7 10. c3 a6 11. Re1 b5 12. a4 Qb6 13. e4 Rfd8 14. Qe2 c4 15. Bc2 Nf8 16. d5 N8d7 {0-1 (49) Le,Q (2737)-Hansen,E (2629) chess.com INT 2018}) 9. e4 {LiveBook: 4 Games} Nh5 10. Bg5 h6 $146 {The position is equal.} ({Predecessor:} 10... Bf6 11. Bxf6 exf6 12. Re1 Re8 13. c3 Nf8 14. Qb3 Qd7 15. d5 a6 16. Nd4 {1-0 (42) Petersen,W (2101)-Wandel,B (2151) Germany 2005}) 11. Be3 e5 12. c3 exd4 13. Nxd4 (13. cxd4 $11 c5 14. Rc1) 13... Nc5 $15 14. Bc2 Nf6 {[%cal Rc5e4]} 15. f3 Re8 16. b4 Ncd7 {[%cal Bc5d7,Bd7f6,Bf6e4][%mdl 32]} 17. Ba4 Nd5 18. exd5 {Black must now prevent Ne4.} Rxe3 19. Ne4 $1 Nf6 20. Qd2 $1 Rxe4 21. fxe4 Nxe4 22. Qe3 (22. Qd3 $5 {[%cal Rd3e4]} Qh4 23. Nf3 $11) 22... Bxd5 {And now ...Nxc3! would win.} 23. Rae1 $1 {[#]} Nxc3 $1 {[%mdl 512]} 24. Bc6 ({Don't go for} 24. Qxc3 $2 Qg5 $19) (24. Nc6 $5 {[%cal Rc6d8]} Qh4 25. Ne7+ Kh8 26. Nxd5 $15) 24... Bxd4 25. Qxd4 Bxc6 26. Qxc3 Bd5 27. Qd2 (27. Rf2 {feels hotter.} c6 28. Rfe2 Kh7 29. Re7 Qh8 30. Qd2) 27... Qg5 28. Qxg5 hxg5 $11 {[%mdl 4096] Endgame KRR-KRB} 29. Rc1 (29. a3 $15) 29... c6 $17 ({Of course not} 29... Bxa2 $6 30. Rxc7 a5 31. b5 $11) 30. a4 Rd8 31. Rfd1 {[#]} (31. Rcd1 $17) 31... Be4 $1 $19 {Black is clearly better.} 32. Rd4 f5 33. a5 Kf7 34. axb6 {Precision: White = 41%, Black = 63%.} 0-1

[Event "18th Bangkok Open 2018"]
[Site "Bangkok"]
[Date "2018.04.19"]
[Round "7"]
[White "Gukesh D"]
[Black "Krysa, Leandro"]
[Result "1-0"]
[WhiteElo "2401"]
[BlackElo "2543"]
[Annotator "TA"]
[PlyCount "129"]
[EventDate "2018.??.??"]
[EventType "swiss"]
[EventCountry "THA"]
[SourceTitle "playchess.com"]
[Source "ChessBase"]
[SourceQuality "1"]

{[%evp 19,129,43,40,-2,38,0,0,0,9,-6,-15,-27,2,-24,0,5,10,-5,0,-24,0,2,36,0,12,12,4,5,0,0,0,-24,-14,-38,0,-8,66,64,72,78,70,37,124,26,26,26,33,5,3,4,31,0,0,-2,0,0,0,0,65,34,45,26,348,320,405,400,443,442,439,437,400,151,311,291,445,441,442,442,579,568,523,503,639,647,535,610,612,600,835,800,773,724,872,845,725,670,8806,7739,7356,7213,6433,4930,5608,4922,29984,29985,29986,29987,29987,29988,29990,964]} 1. Nf3 d5 2. g3 g6 3. Bg2 Bg7 4. d4 Nf6 5. O-O O-O 6. c4 dxc4 7. Na3 c3 8. bxc3 c5 9. e3 Nc6 10. Bb2 Qb6 {LiveBook: 13 Games. D77: Fianchetto Grünfeld: 6 0-0: Replies other than 6...c6} (10... Bf5 11. Nd2 Bg4 12. f3 Be6 13. Nb3 cxd4 14. cxd4 Nd5 15. Qd2 Ndb4 16. Nc5 Bc8 17. Rfd1 b6 18. Nb3 e6 {0-1 (62) Banusz,T (2611)-Van Wely,L (2646) Linares 2017}) 11. Qb3 (11. Nc4 {looks sharper.} Qa6 12. Ncd2 Bg4 13. h3 Bf5 14. Nb3) 11... Qa6 $146 ({Predecessor:} 11... Be6 12. Qxb6 axb6 13. Ng5 Bd7 14. Nc4 Ra6 15. d5 Na5 16. Nxa5 Rxa5 17. c4 Rfa8 18. a3 {0-1 (40) Obgolts,E (2271)-Faizrakhmanov,R (2421) St Petersburg 2017}) 12. Qb5 (12. c4 {seems wilder.} Ne4 13. Rad1 Bd7 14. Nd2 Na5 15. Qc2) 12... Qxb5 {The position is equal.} 13. Nxb5 Bd7 14. Na3 Rac8 15. Nd2 cxd4 16. exd4 e5 17. d5 Na5 18. c4 Rfe8 19. Bc3 Bf8 20. Bxa5 {[#] Nc2 is the strong threat.} Bxa3 21. Rab1 b6 22. Bb4 $36 {[%mdl 2048] White has good play.} Bxb4 23. Rxb4 Bf5 24. a4 Nd7 25. a5 bxa5 26. Ra4 Bd3 27. Rc1 Nc5 (27... Nb6 $1 $11 28. Rxa5 Nxc4 29. Nxc4 Rxc4 30. Rxc4 Bxc4) 28. Rxa5 $14 Re7 29. f3 Rb7 {White should prevent ...Rb2.} 30. Rb5 a5 (30... Rxb5 $14 31. cxb5 Bf5) 31. Rxb7 ({Stronger than} 31. Rxa5 Rb2 $17) ({Better is} 31. Bh3 $16 Bf5 32. Bxf5 gxf5 33. Rxa5) 31... Nxb7 $11 32. Bf1 Bxf1 33. Kxf1 {[%mdl 4096] Endgame KRN-KRN} a4 34. Ke2 Nc5 35. Kd1 f5 36. Kc2 e4 37. fxe4 fxe4 38. Re1 Kg7 ({Black should try} 38... Re8 $11) 39. Kc3 {And now Kd4 would win.} a3 40. Kd4 {[#] Hoping for Ra1.} ({Don't play} 40. Nxe4 Re8 $15) 40... Nd3 $2 {[%mdl 8192]} (40... a2 $11 {and Black stays safe.} 41. Ra1 e3 42. Kxe3 Ra8) 41. Rxe4 $18 a2 42. Re7+ Kh6 43. Ra7 Nb4 44. Nb3 Nc2+ 45. Ke5 $2 (45. Kc3 $18) 45... Rxc4 $2 (45... Nb4 $16) 46. Rxa2 {Threatens to win with d6.} Rc3 (46... Nb4 $142) 47. Nd2 Rc5 48. Ra4 Rb5 49. Ne4 Nb4 50. Nc3 Rb8 51. d6 Nc6+ 52. Ke6 Rb2 53. h4 Rd2 54. Ne4 Rd3 55. d7 Nb8 56. Nc5 Rd1 57. Ra8 Nxd7 58. Nxd7 {KRN-KR} g5 59. hxg5+ Kxg5 60. Rg8+ Kh6 61. Ne5 {White wants to mate with Nf7+.} Re1 62. Rg4 {White mates.} Kh5 63. Kf6 {[%csl Gg3][%cal Rg4h4]} Rf1+ 64. Rf4 h6 65. g4+ {Precision: White = 53%, Black = 36%.} 1-0

[Event "18th Bangkok Open 2018"]
[Site "Bangkok"]
[Date "2018.04.19"]
[Round "7"]
[White "Nie, Xinyang"]
[Black "Swapnil, S. Dhopade"]
[Result "0-1"]
[WhiteElo "2334"]
[BlackElo "2526"]
[Annotator "TA"]
[PlyCount "78"]
[EventDate "2018.??.??"]
[EventType "swiss"]
[EventCountry "THA"]
[SourceTitle "playchess.com"]
[Source "ChessBase"]
[SourceQuality "1"]

{[%evp 18,78,12,-7,15,3,1,0,0,0,0,0,0,0,0,0,0,0,0,0,0,-3,0,0,0,0,28,-156,-158,-156,-157,-155,-148,-568,-555,-934,-925,-902,-880,-826,-476,-2077,-472,-464,-464,-507,-507,-500,-500,-560,-464,-515,-501,-657,-652,-806,-737,-800,-788,-871,-852,-762,-697]} 1. d4 Nf6 2. Nf3 c5 3. e3 {[%cal Be2e3,Be3d4,Bd4d5][%mdl 32]} d5 4. c4 cxd4 5. exd4 g6 6. Nc3 Bg7 7. cxd5 Nxd5 8. Bc4 Nb6 9. Bb3 O-O 10. d5 {LiveBook: 11 Games. B14: Caro-Kann: Panov-Botvinnik Attack with 5...e6 and 5...g6} a5 11. a3 Na6 $146 {[%cal Bb8a6,Ba6c5,Bc5a4,Ba4b2][%mdl 32]} ({Predecessor:} 11... a4 12. Ba2 e6 13. Bg5 Bf6 14. Bxf6 Qxf6 15. Ne4 Qf4 16. Qd4 e5 17. Qe3 Ra5 {½-½ (48) Korneev,O (2560)-Granda Zuniga,J (2630) Andorra 1998}) 12. Be3 {The position is equal.} Bg4 13. O-O Rc8 14. h3 Bxf3 15. Qxf3 Nc5 16. Ba2 Nba4 $36 {[%mdl 2048] Black has good play.} 17. Nxa4 Nxa4 18. Rab1 Nxb2 19. Bg5 ({Much worse is} 19. Qe2 Na4 $17) 19... Qd7 20. Qe2 Na4 $1 {[%cal Ra4c3]} 21. Qxe7 Qf5 $1 22. Bd2 $2 (22. Rxb7 $11 Nc5 23. Rc7 Rxc7 24. Qxc7) 22... Rc2 $1 $17 {[%csl LRa2,LRd2]} 23. Bb3 Rxd2 24. Bxa4 {[#]} Rxf2 $1 {[%mdl 512]} 25. Rfe1 $2 {[%mdl 8192]} (25. Qc5 $17 {is tougher.} Rxg2+ 26. Kxg2 Qe4+ 27. Rf3 Qxb1 28. d6) (25. Rxf2 Qxb1+) 25... Qf4 $19 {Threatens to win with ...Qg3.Black is clearly winning.} 26. Bb5 Bd4 {[%csl Gf4][%cal Rf2f1]} 27. Kh1 Qg3 {[%csl Gf2][%cal Rg3g2]} 28. Bf1 Rf5 {Hoping for ...Rh5.} 29. Qxb7 (29. d6 $142 Re5 30. Bb5) 29... Be5 (29... Rh5 $142 {( -> ...Rxh3+!)} 30. Qd7 f5 31. Qe6+ Kh8) 30. Rxe5 Qxe5 ({Less strong is} 30... Rxe5 31. Qc7 $19) 31. Rd1 Rd8 32. Bc4 Rf4 33. Qb6 Rd6 34. Qc5 Re4 35. Bf1 a4 36. Rb1 Kg7 37. Rd1 h5 {[%cal Bh7h5,Bh5h4][%mdl 32]} 38. Kg1 h4 39. Kh1 Rf6 {Precision: White = 26%, Black = 80%.} 0-1

[Event "18th Bangkok Open 2018"]
[Site "Bangkok"]
[Date "2018.04.19"]
[Round "7"]
[White "Wang, Shixu B"]
[Black "Tran, Tuan Minh"]
[Result "1/2-1/2"]
[WhiteElo "2123"]
[BlackElo "2514"]
[Annotator "TA"]
[PlyCount "119"]
[EventDate "2018.??.??"]
[EventType "swiss"]
[EventCountry "THA"]
[SourceTitle "playchess.com"]
[Source "ChessBase"]
[SourceQuality "1"]

{[%evp 15,119,18,29,-2,-2,-1,6,7,27,29,30,11,21,0,12,-9,0,4,14,14,12,0,87,18,18,20,20,20,20,19,20,6,9,6,17,23,20,0,0,0,0,0,0,0,3,0,0,0,0,0,0,0,0,0,0,0,0,0,0,0,0,-8,-8,-8,-8,-8,0,-15,-15,-15,-15,-15,-15,-15,-15,-15,0,-15,0,-15,-15,-15,-15,-15,0,0,0,0,0,0,0,0,0,0,0,0,0,0,0,0,0,0,0,0,0,0]} 1. d4 Nf6 2. Nf3 b6 3. Bg5 Bb7 4. Nbd2 e6 5. e4 h6 6. Bxf6 Qxf6 7. Bd3 c5 8. c3 cxd4 {LiveBook: 12 Games. A47: 1 d4 Nf6 2 Nf3 b6: Torre, London and Colle Systems} 9. Nxd4 (9. e5 Qd8 10. Nxd4 Nc6 11. Nxc6 dxc6 12. Qe2 Be7 13. f4 Qc7 14. O-O-O O-O-O 15. Ba6 Rd7 16. Nf3 {½-½ (37) Morozov,D (2461)-Brookes,J (2468) ICCF email 2016}) 9... Nc6 10. Nxc6 Bxc6 11. O-O Bd6 $146 ({Find the theoretical novelty and annotate with similar games:} 11... g5 12. Qe2 Bg7 13. Nc4 O-O 14. e5 Qe7 15. Bc2 f6 16. exf6 Bxf6 {1-0 (41) Toth,J (2109)-Bai,A (2222) Hungary 2012}) 12. Qe2 O-O 13. Rae1 Bc7 (13... Qg5 {NOTEXT} 14. g3 a6 15. e5 Bc7 16. Nf3 Qg4) 14. f4 Qe7 15. Kh1 Rad8 16. Nb3 Qh4 17. g3 Qf6 18. Kg1 a6 (18... e5 $11) 19. Nd4 (19. Bxa6 $16 Qe7 20. Bc4) 19... b5 $11 20. e5 Qe7 21. Nxc6 dxc6 22. Rd1 Rd7 23. Bc2 Rfd8 24. Kg2 Qc5 25. Rxd7 Rxd7 26. Rd1 {The position is equal.} (26. Be4 {NOTEXT} g6 27. Kh3 Qb6 28. Rf3 Rd8 29. Rd3) 26... Rxd1 27. Qxd1 Bb6 28. Qf3 g6 29. Be4 Qg1+ 30. Kh3 Qa1 31. Qe2 Qxa2 32. Bxc6 Kg7 33. Be4 Ba5 34. Qc2 Bb6 35. Qb1 Qc4 36. Qd3 Qc5 37. Bb7 a5 38. Ba6 b4 39. cxb4 Qxb4 40. b3 Bg1 41. Bc4 Qb7 42. Qf1 Qb6 43. Kg2 Be3 44. Qf3 Qd4 45. Qb7 Bg1 {[#] ( -> ...Qf2+)} 46. Qf3 Be3 47. Qb7 Qd2+ 48. Kh3 Bg1 49. Qg2 Bf2 (49... Qd4 {NOTEXT} 50. Qe2 h5 51. Qc2 Qe3 52. Kg2 Qc5) 50. Qf3 Be3 (50... h5 {NOTEXT} 51. Qd3 Qb2 52. Qe2 Qd4 53. Qd3 Qb2) 51. Qe2 Qd4 52. Qd3 Qa7 53. Qd8 Kh7 54. Bb5 Qb7 55. Qf8 {[#] aiming for Be8.} Qxb5 56. Qxf7+ Kh8 57. Qf8+ Kh7 {...Qd7 is the strong threat.} 58. Qf7+ Kh8 59. Qf6+ Kh7 {Strongly threatening ...Qe8.} 60. Qf7+ {Precision: White = 63%, Black = 58%.} 1/2-1/2

[Event "18th Bangkok Open 2018"]
[Site "Bangkok"]
[Date "2018.04.20"]
[Round "8"]
[White "Short, Nigel D"]
[Black "Neelotpal, Das"]
[Result "1-0"]
[WhiteElo "2662"]
[BlackElo "2468"]
[Annotator "TA"]
[PlyCount "77"]
[EventDate "2018.??.??"]
[EventType "swiss"]
[EventCountry "THA"]
[SourceTitle "playchess.com"]
[Source "ChessBase"]
[SourceQuality "1"]

{[%evp 20,77,16,22,19,23,43,42,30,34,50,43,58,51,52,66,50,39,109,109,89,92,87,104,106,99,101,108,160,147,156,157,155,142,120,92,154,125,152,150,135,142,152,172,157,152,153,129,123,127,321,330,502,456,451,425,1956,1212,29995,29996]} 1. Nf3 d5 2. g3 c6 3. Bg2 Bf5 4. c4 e6 5. cxd5 exd5 6. O-O Nf6 7. d3 Be7 8. Qb3 {A11: English Opening: 1...c6} Qb6 9. Qc2 O-O 10. Nc3 Na6 11. a3 {LiveBook: 16 Games} Rfe8 $146 ({Predecessor:} 11... h6 12. b4 c5 13. Na4 Qc6 14. bxc5 Nxc5 15. Nxc5 Qxc5 {1-0 (55) Movsesian,S (2653)-Wojtaszek,R (2727) Huaian 2016}) 12. b4 h6 13. Bb2 Bh7 14. Rac1 Bf8 15. Bh3 Nb8 16. Na4 Qd8 17. Nc5 $36 {[%mdl 2048] White is pushing.} b6 18. Nb3 Nbd7 (18... Nfd7 $14) 19. Qxc6 Rxe2 20. Qc3 Re8 21. Nbd4 Qc8 22. Qd2 Qb7 23. Nb5 Rac8 (23... Red8 $142) 24. Rxc8 $16 Rxc8 25. Bxf6 $1 gxf6 26. Re1 Rd8 27. d4 Qc6 (27... a5 $142) 28. Nc3 {[%cal Bb5c3,Bc3d1,Bd1e3,Be3g4,Bg4h6][%mdl 32]} ({Worse is} 28. Nxa7 Qa4 $17) 28... b5 {[#]} 29. Nh4 $1 Nb6 30. Bf5 Bxf5 31. Nxf5 Rc8 32. Nd1 Re8 33. Nde3 Nc4 34. Qd1 Nxa3 $2 (34... Nxe3 $16 {was worth a try.} 35. Rxe3 (35. fxe3 Qc3 $14) 35... Rxe3 36. Nxe3 Qe6) 35. Qg4+ $18 Kh7 (35... Kh8 $142 36. Qh5 Kg8) 36. Qh5 Kg8 37. Ra1 {[#] Hoping for Ng4.} a5 (37... Rxe3 $142 38. Nxe3 a6 39. Nxd5 Nc2) 38. Ng4 axb4 39. Ngxh6+ {Precision: White = 87%, Black = 40%.} 1-0